1990 1639 1038 1725 1372 1862 1883 1747 2000 1718 1055 1764 1106 1970 1736 1007 1101 1219 1814 1442 1916 1431 1813 1120 1003 1701 1788 1890 1807 1733 1339 1267 1388 1580 1431 1388 1327 1144 1997 1952 1102 1058 1118 1785 1807 1467 1258 1586 1222 1848 1188 1999 1054 1655 1407 1050 1259 1399 1057 1303 1701 1008 1506 1604 1760 1380 1687 1463 1522 1792 1724 1439 1952 1361 1022 1872 1435 1682 1475 1669 1738 1183 1428 1165 1763 1881 1799 1469 1157 1759 1494 1903 1511 1870 1871 1221 1587 1032 1049 BCNSPRNW ULIB Ver.6.0+V

เปลี่ยนเป็นภาษาไทย

Change to English
 แสดงรายละเอียดบรรณานุกรม
  กลับหน้าหลัก

Brief Record : Get Marc (ISO 2709) : E-mail record : QR code < ปิดหน้าต่าง
LEADER : 00000nam 2200000uu 4500
001    13399112430
003     ULIB
008    110815s2543||||th 000 0 tha d
040    cl
050  4 HM251^bพ537จ 2543
100 1  พัชร นักบรรเลง
245 10 จิตวิทยาสังคม /^cพัชร นักบรรเลง
260    พิษณุโลก :^bวิทยาลัยพยาบาลบรมราชชนนี พุทธชินราช,^c2543
300    180 หน้า :^bภาพประกอบ
650  7 จิตวิทยาทางสังคม
945    ^p80^l0^i012947
945    ^p80^l0^i012948
945    ^p80^l0^i012949
945    ^p80^l0^i012950
945    ^p80^l0^i012951
945    ^p80^l0^i012952
945    ^p80^l0^i012953
945    ^p80^l0^i012954
945    ^p80^l0^i012955
945    ^p80^l0^i012956
995    ทศพร
999 ^a ทศพร
รายการนี้ยังไม่มีแท็ก
คุณยังไม่ได้ล็อกอิน คุณสามารถมีกิจกรรมร่วมกับเว็บไซต์ได้ แต่ต้องล็อกอินก่อน ::
  ล็อกอิน

รายการสื่อสารสนเทศ

ลำดับที่ ประเภท เลขเรียก/บาร์โค้ด สถานที่ สถานะ
- ไม่พบข้อมูล -

BibComment


ยังไม่เคยถูกคอมเมนท์

คอมเมนท์ทรัพยากรรายการนี้
  คอมเมนท์: จิตวิทยาสังคม พ..


 Copyright 2026. Bcnsprnw @Library